| 000 | 00884nam a2200265 a 4500 | ||
|---|---|---|---|
| 001 | 000023603 | ||
| 003 | OSt | ||
| 005 | 20240412074251.0 | ||
| 008 | 101215s1908 sp r 000 0 spa d | ||
| 040 |
_aDO-SdBNP _bspa _cBNPHU |
||
| 049 | _a | ||
| 082 |
_aRD861.4 _bC422s 1908 _222 |
||
| 100 | 1 |
_aCestero, Tulio M., _q(Tulio Manuel), _d1877-1955 _91698 |
|
| 245 | 1 | 0 |
_aSangre de primavera : _bpoemas en prosa / _cTulio Manuel Cestero ; prólogo Enrique. Gómez Carrillo. |
| 260 |
_aMadrid : _bArróyave y González, _c1908 |
||
| 300 |
_a222 p. ; _c19 cm. |
||
| 490 | 1 | _aBiblioteca hispano-americano | |
| 590 | _aInventariado, 2020/VM | ||
| 650 | 4 |
_aPoesía Dominicana _977447 |
|
| 650 | 0 |
_aLiteratura dominicana. _967 |
|
| 700 | 1 |
_aGómez Carrillo, Enrique, _d1873-1927 _epról. _916677 |
|
| 830 | 0 |
_aBiblioteca hispano americano _977445 |
|
| 910 | _aVMateo | ||
| 942 |
_2ddc _cLBS1 |
||
| 999 |
_c23099 _d23099 |
||